Historical Cultural Periods: V Romanticism - Statistics

General Stats
  • This quiz has been taken 44 times
    38 since last reset
  • The average score is 6 of 15
Answer Stats
Picture Hint Answer % Correct
Victor Hugo Les Misérables
74%
Mary Shelley Frankenstein
71%
Wanderer above the Sea of Fog Caspar David Friedrich
55%
Alexandre Dumas The Three Musketeers
55%
American Emily Dickinson
52%
English Lord Byron
52%
Alexandre Dumas The Count of Monte Cristo
45%
Hungarian Franz Liszt
39%
Fisherman at Sea J. M. W. Turner
32%
The Death of Sardanapalus Eugéne Delacroix
29%
Johann Wolfgang von Goethe The Sorrows of Young Werther
26%
English Samuel Taylor Coleridge
23%
The Parasol Francisco Goya
16%
German Felix Mendelssohn
13%
Europe Supported by Africa and America William Balke
3%
No matching quizzes found
Score Distribution
Percent of People with Each Score
Percentile by Number Answered
Your Score History
You have not taken this quiz since the last reset